|
|
|
|
| LEADER |
00000nab a2200000 ar4500 |
| 001 |
vtls009153043 |
| 003 |
SK-MaSNL |
| 005 |
20260426063523.0 |
| 008 |
071024c1976 xo |r|p|||||||000 b|slo |
| 015 |
|
|
|a SNBRB1976
|
| 038 |
|
|
|a SNKBUCL
|
| 040 |
|
|
|a SNKBUCL
|b slo
|c SNKBUCL
|e AACR2
|
| 041 |
|
|
|a slo
|
| 044 |
|
|
|a xo
|c SK
|
| 080 |
|
|
|a 73.071.1:061.4
|2 1997
|
| 100 |
1 |
|
|a Tomčík, Vladimír
|4 aut
|9 319450
|
| 245 |
1 |
0 |
|a Grafická tvorba Igora Rumanského
|c Vladimír Tomčík
|
| 600 |
1 |
7 |
|a Rumanský, Igor,
|d 1946-2006
|2 snkbucl
|9 107993
|
| 650 |
0 |
7 |
|a výstavy
|2 SNKPH
|9 2780
|
| 651 |
|
7 |
|a Bratislava (Slovensko)
|2 snkbucl
|9 14568
|
| 773 |
0 |
|
|t Nové slovo
|g Roč. 18, č. 38 (1976), s. 19
|
| 852 |
|
|
|a SNK
|b KIS3GCP
|
| 958 |
|
|
|a BX
|
| 999 |
|
|
|c 2556949
|d 2558879
|